Sont-ils né à... ? Spécial Hauts-de-France - Statistiques

Statistiques générales
  • Ce quiz a été pris 12 fois
  • Le résultat moyen est 10 sur 30
Statistiques - réponses
Question Réponse % Correct
Maximilien de Robespierre ARRAS
100%
Jean-Pierre Pernaut AMIENS
89%
Emmanuel Macron AMIENS
89%
Charles de Gaulle LILLE
89%
Iris Mittenaere LILLE
78%
Michou AMIENS
44%
Hubert de Givenchy BEAUVAIS
44%
Enguerrand Quarton LAON
44%
Philippe Noiret LILLE
44%
Alain Decaux LILLE
44%
Roland Dorgeles AMIENS
33%
Robert Marchand AMIENS
33%
Paul Bourget AMIENS
33%
François Vidocq ARRAS
33%
Isabelle Aubret LILLE
33%
Jacques Legros ARRAS
22%
Jean-Claude Decaux BEAUVAIS
22%
Louis Le Nain LAON
22%
Bruno Masure LILLE
22%
Félix Bollaert LILLE
22%
Julien Duvivier LILLE
22%
Anne Brochet AMIENS
11%
Violette Leduc ARRAS
11%
Denise Glaser ARRAS
11%
Arnaud Demare BEAUVAIS
11%
Edouard Lalo LILLE
11%
Nicolas Hulot LILLE
11%
Pierre Choderlos de Laclos AMIENS
0%
Louise Weiss ARRAS
0%
Philibert Serrurier LAON
0%
Aucun quiz correspondant
Distribution des résultats
% des personnes avec chaque résultat
Percentile par nombre de réponses
Votre historique - résultats
Vous n’avez pas pris ce quiz